| 000 | 00425cam a2200169ua 4500 | ||
|---|---|---|---|
| 020 | _cRs 3.00 | ||
| 041 |
_aeng _h |
||
| 082 |
_a922 _bSES/SR |
||
| 100 | _aSeshadri, P . | ||
| 245 |
_aSri Sankaracharya / _cP Seshadri. _hTextual Documents |
||
| 260 |
_aThiruvananthapuram : _bThe University of Travancore , _c1949. |
||
| 300 | _a176 ; . | ||
| 365 | _aRs 3.00 | ||
| 504 | _a | ||
| 942 | _cBK | ||
| 999 |
_c1119 _d1119 |
||